000 00650nam a2200289Ia 4500
005 20260324150315.0
008 008 260324s9999 xx 000 0 eng d
020 _a9781315128955
037 _aEBOOK
040 _aCRL
040 _beng
040 _cCRL
041 _2eng
041 _aeng
084 _qCRL
100 _aGeorge Willison
_91172309
245 0 _aSchizophrenia
245 0 _bSeven Approaches
260 _bTaylor and Francis
260 _c1969
365 _a
365 _b255
856 _uhttp://www.taylorfrancis.com/books/9781315128955
942 _cEBOOK
999 _c1835195
_d1835195